000 00540nam a22001937a 4500
003 OSt
005 20241121155855.0
008 241121b |||||||| |||| 00| 0 eng d
040 _cMRSPTU
041 _aENG
082 _a363.61
_bBI-A
100 _aBicknell, Jane
245 _aAdapting Cities to Climate Change : Understanding and Addressing the Development Challenges
260 _a Routledge
_bEarthscan
_c2010
300 _a397
650 _aArchitecture
700 _aDodman, David & Satterthwaite, David
942 _2ddc
_cBK
_n0
999 _c10484
_d10484